000 00303nam a2200157Ia 4500
100 _aMaurier/Daphne Du
650 _aFiciton
942 _cBK
366 _f20
245 _aRebecca
260 _bAvon books
_c1938
082 _a808.83/MAU
_bMAU
300 _a380
546 _aENGLISH
999 _c21563
_d21563